| 000 | 01108nac a22002051u 4500 | ||
|---|---|---|---|
| 008 | 100719t xxu||||| |||| 00| 0 ara d | ||
| 082 |
_a103 _222 _bف ل س |
||
| 110 |
_aمعهد الإنماء العربي _922344 |
||
| 245 |
_aالموسوعة الفلسفية العربية / _cمعهد الانماء العربى |
||
| 260 |
_a[القاهرة] : _bمعهد الانماء العربى ،1988. _c1988. |
||
| 300 |
_a2 مج ؛ _c24 سم |
||
| 504 | _aيشتمل على إرجاعات ببليوجرافية وكشافات | ||
| 505 | _aالقسم الأول ، ا-ش -- القسم الثاني ، ص -ي | ||
| 511 | _aCatalogued by: Sara | ||
| 541 |
_aالف باء ؛ _cشراء ؛ |
||
| 650 |
_aالفلسفة _916425 _vدوائر معارف |
||
| 942 |
_cBB _k103 ف ل س _2ddc |
||
| 999 |
_c7018 _d7018 |
||